A carregar...
Hamlet, prufrock, and language
| Autor principal: | |
|---|---|
| Formato: | Printed Book |
| Publicado em: |
London, The Macmillan Press
1978
|
| Assuntos: |
| LEADER | 005820000a22001930004500 | ||
|---|---|---|---|
| 082 | |a 822.330 09 GHO/H L8 | ||
| 100 | |a Ghose, Zulfikar | ||
| 245 | |a Hamlet, prufrock, and language | ||
| 260 | |a London, The Macmillan Press | ||
| 260 | |c 1978 | ||
| 650 | |a 20th century | ||
| 650 | |a Criticism | ||
| 650 | |a English literature | ||
| 650 | |a Hamlet | ||
| 650 | |a History | ||
| 650 | |a Shakespeare, William | ||
| 942 | |c BK | ||
| 999 | |c 134012 |d 134008 | ||
| 952 | |0 0 |1 0 |4 0 |6 822_330000000000000_09_GHO_H_L8 |7 0 |9 132925 |a SCP |b SCP |d 2014-02-11 |l 0 |o 822.330 09 GHO/H L8 |p SCP03129 |r 2014-02-11 |w 2014-02-11 |y BK | ||